| 000 | 00996nam a2200253 i 4500 | ||
|---|---|---|---|
| 001 | 152093 | ||
| 003 | ES-MaACL | ||
| 005 | 20230906204530.0 | ||
| 008 | 991104s1620 fr a |||| | lat d | ||
| 040 |
_aEUS _bspa _cEUS |
||
| 130 | 0 |
_aBiblia. _lLatín. _9119288 |
|
| 245 | 1 | 0 |
_aBiblia Sacra Vulgatae Editionis / _cSixti Quinti Pont. Max. Iussu recognita atque edita. |
| 260 |
_aLugduni : _bSumpt. & Haered. Guil. Rouillij, _c1620 ( _fex typographia Irenaei Barlet) |
||
| 300 |
_a975, [1], 32, [70] p. ; _c18 cm. |
||
| 596 | _aColofón. | ||
| 597 | _aSign.: [Cruz latina]8, A-Z8, 2A-2Z8, 3A-3V8, 3X3. | ||
| 597 | _aTexto fileteado a dos col. | ||
| 597 | _aApostillas marginales. | ||
| 597 | _aError de sign.: 3V2 por 3X2. | ||
| 599 | _aPort. grab. calc. arquitectónica: "Haurietis aquas de fontibus Salvatoris Isa 12" | ||
| 700 | 1 |
_aSixto _bV, _cPapa. _9161076 |
|
| 852 |
_aES-MaACL _jR-970-72 _z-- Enc. pasta _z-- Enc. 1 t. en 3 v. _x-- Olim: G-9504-6 |
||
| 999 |
_c152093 _d152093 |
||